Muscovy and the Mongols: cross-cultural influences on the steppe frontier, 1304 - 1589

Saved in:  
Bibliographic Details
Main Author: Ostrowski, Donald G. 1945- (Author)
Format: Print Book
Language:English
Subito Delivery Service: Order now.
Check availability: HBZ Gateway
WorldCat: WorldCat
Interlibrary Loan:Interlibrary Loan for the Fachinformationsdienste (Specialized Information Services in Germany)
Published: Cambridge Cambridge University Press 2002
In:Year: 2002
Reviews:Muscovy and the Mongols. Cross-cultural influences on the steppe frontier, 1304–1589. By Donald Ostrowski. Pp. xvi+329 incl. 3 figs and 6 tables. Cambridge: Cambridge University Press, 1998. £40. 0 521 59085 X (2002) (Golden, Peter B.)
Edition:First paperback edition
Standardized Subjects / Keyword chains:B Russia / Cultural relations / Mongols / History 1304-1589

MARC

LEADER 00000cam a2200000 c 4500
001 1630580686
003 DE-627
005 20220920123244.0
007 tu
008 171127s2002 xx ||||| 00| ||eng c
020 |a 9780521894104  |9 978-0-521-89410-4 
020 |a 0521894107  |9 0-521-89410-7 
020 |a 052159085X  |9 0-521-59085-X 
035 |a (DE-627)1630580686 
035 |a (DE-576)495746282 
035 |a (DE-599)BSZ495746282 
035 |a (OCoLC)917260448 
040 |a DE-627  |b ger  |c DE-627  |e rda 
041 |a eng 
084 |a 1  |2 ssgn 
084 |a NM 9450  |2 rvk  |0 (DE-625)rvk/126485: 
084 |a NM 9480  |2 rvk  |0 (DE-625)rvk/126488: 
100 1 |e VerfasserIn  |0 (DE-588)131422766  |0 (DE-627)707626439  |0 (DE-576)168216574  |4 aut  |a Ostrowski, Donald G.  |d 1945- 
109 |a Ostrowski, Donald G. 1945-  |a Ostrovski, Donald 1945-  |a Ostrowski, Donald 1945-  |a Ostrowski, Donald Gary 1945- 
245 1 0 |a Muscovy and the Mongols  |b cross-cultural influences on the steppe frontier, 1304 - 1589  |c Donald Ostrowski (Harvard University) 
250 |a First paperback edition 
264 1 |a Cambridge  |b Cambridge University Press  |c 2002 
264 4 |c © 1998 
300 |a XVI, 329 Seiten 
336 |a Text  |b txt  |2 rdacontent 
337 |a ohne Hilfsmittel zu benutzen  |b n  |2 rdamedia 
338 |a Band  |b nc  |2 rdacarrier 
500 |a Literaturverz. S. 266 -311 
583 1 |a Archivierung prüfen  |c 20200919  |f DE-640  |z 1  |2 pdager 
601 |a Influencer 
601 |a Frontier 
689 0 0 |d g  |0 (DE-588)4076899-5  |0 (DE-627)104251980  |0 (DE-576)209203366  |2 gnd  |a Russland 
689 0 1 |d s  |0 (DE-588)4033552-5  |0 (DE-627)106256688  |0 (DE-576)209002611  |2 gnd  |a Kulturbeziehungen 
689 0 2 |d s  |0 (DE-588)4040054-2  |0 (DE-627)104697199  |0 (DE-576)209037873  |2 gnd  |a Mongolen 
689 0 3 |q z  |2 gnd  |a Geschichte 1304-1589 
689 0 |5 DE-101 
787 0 8 |i Rezensiert in  |a Golden, Peter B.  |t Muscovy and the Mongols. Cross-cultural influences on the steppe frontier, 1304–1589. By Donald Ostrowski. Pp. xvi+329 incl. 3 figs and 6 tables. Cambridge: Cambridge University Press, 1998. £40. 0 521 59085 X  |d 2002  |w (DE-627)1784763608 
936 r v |a NM 9450  |b Gesamtdarstellungen  |k Geschichte  |k Geschichte des Mittelalters  |k Geschichte der auswärtigen Staaten und Völker  |k Europäische Staaten und Völker  |k Russland (862 - 1613)  |k Gesamtdarstellungen  |0 (DE-627)1271463571  |0 (DE-625)rvk/126485:  |0 (DE-576)201463571 
936 r v |a NM 9480  |b Mongolen (1240 - 1480)  |k Geschichte  |k Geschichte des Mittelalters  |k Geschichte der auswärtigen Staaten und Völker  |k Europäische Staaten und Völker  |k Russland (862 - 1613)  |k Mongolen (1240 - 1480)  |0 (DE-627)1347222723  |0 (DE-625)rvk/126488:  |0 (DE-576)277222729 
951 |a BO 
ELC |b 1 
ORI |a SA-MARC-ixtheo_oa001.raw 
STA 0 0 |a Cultural relations,Cultural relations,Mongols,Mongol Empire,Russia,Russia,Russia,Northwestern Russia 
STB 0 0 |a Mongols,Relations culturelles,Relations culturelles,Russie 
STC 0 0 |a Mongoles,Relaciones culturales,Relaciones culturales,Rusia 
STD 0 0 |a Mongoli,Relazioni culturali,Russia 
STE 0 0 |a 文化关系,文化联系 
STF 0 0 |a 文化關係,文化聯繫 
STG 0 0 |a Mongóis,Relações culturais,Rússia 
STH 0 0 |a Культурные отношения,Монголы,Россия (мотив) 
STI 0 0 |a Μογγόλοι,Πολιτιστικές σχέσεις,Πολιτισμικές σχέσεις,Ρωσία (μοτίβο) 
SYG 0 0 |a Russia,Rußland,Russische Föderation,Russische SFSR,Russisches Reich , Europäisches Russland,Evropejskaja častʹ Rossii,Rußland,Krievija,Federazione Russa,RF,Großrussland,Großrußland,Russia,Rossijskaja Imperija,Russie,Empire de Russie,Russian Federation,Federacja Rosyjska,Rosja,Rossija,Rossijskaja Federacija,Russische Föderation,RF,Russia,Russland,Russisches Reich , Kulturelle Beziehungen,Kulturbeziehung , Mongolenreich 
TIM |a 100013040101_100015891231  |b Geschichte 1304-1589